000 00960nam a2200253 i 4500
001 bg
100 1 _aZASIEWSKI, Piotr
245 1 0 _aKierunki doskonalenia technologii ochrony roślin :
_bopryskiwacze polowe i sadownicze /
_cPiotr Zasiewski ; Instytut Budownictwa, Mechanizacji i Elektryfikacji Rolnictwa.
260 _aWarszawa :
_bIBMiER,
_c2002.
300 _a58 s. :
_bil. ;
_c30 cm.
500 _aStreszcz. ang.
504 _aBibliogr.
650 9 _aOpryskiwacz
_xeksploatacja
655 _aPoradniki
710 0 _aInstytut Budownictwa, Mechanizacji i Elektryfikacji Rolnictwa (Warszawa)
020 _a8386264837
040 _cBPK
041 0 _apl
_ben
080 _a631.34.004.54(083.1)
920 _a83-86264-83-7
942 _cKS
008 s pl f |000 0 pol
999 _c41939
_d41939
856 _uhttp://koha.tu.koszalin.pl/cgi-bin/koha/opac-detail.pl?biblionumber=41939
_yKatalog online BPK